Úplné znenie zákona o dani z pridanej hodnoty

Úplné znenie zákona o DPH č. 289/1995 Z.z. v znení neskorších zákonov a zákona č. 255/2003 Z.z. + Metodický pokyn č. 21 114/2003-92 na uplatnenie účtovného obdobia, ktorým je hospodársky rok.

Salvato in:
Dettagli Bibliografici
Natura: Capitolo di libro
Lingua:slovacco
Soggetti:
Tags: Aggiungi Tag
Nessun Tag, puoi essere il primo ad aggiungerne!!

MARC

LEADER 00000naa$a2200000$$$4500
001 0003817
005 20231003105406.6
041 0 |a slo 
044 |a SK 
245 1 0 |a Úplné znenie zákona o dani z pridanej hodnoty 
520 |a Úplné znenie zákona o DPH č. 289/1995 Z.z. v znení neskorších zákonov a zákona č. 255/2003 Z.z. + Metodický pokyn č. 21 114/2003-92 na uplatnenie účtovného obdobia, ktorým je hospodársky rok. 
610 2 0 |a dane z hodnoty pridanej 
610 2 0 |a zákony 
610 2 0 |a novelizácia 
610 2 0 |a 2003